Functional analysis : theory and applications /
Guardado en:
| Autor Principal: | |
|---|---|
| Formato: | Libro |
| Idioma: | English |
| Publicado: |
New York :
Holt, Rinehart and Winston,
c1965.
|
| Etiquetas: |
Agregar Etiqueta
Sin Etiquetas, Sea el primero en etiquetar este registro!
|
| LEADER | 01077nam a22001935 4500 | ||
|---|---|---|---|
| 001 | MAT.inmabb001897 | ||
| 008 | 840621s1965####nyu######b####001#0#eng#d | ||
| 005 | 20130304174121.0 | ||
| 245 | 1 | 0 | |a Functional analysis : |b theory and applications / |c R. E. Edwards. |
| 260 | |a New York : |b Holt, Rinehart and Winston, |c c1965. | ||
| 300 | |a xiii, 781 p. ; |c 25 cm. | ||
| 504 | |a Bibliografía: p. 737-768. | ||
| 505 | 8 | |a Capítulos: 0. Preliminaries on set theory and topology -- 1. Vector spaces and topological vector spaces -- 2. The Hahn-Banach theorem -- 3. Fixed-point theorems -- 4. Topological duals of certain spaces: Radon measures -- 5. Distributions and linear partial differential equations -- 6. The open mapping and closed graph theorems -- 7. Boundedness principles -- 8. Duality theory -- 9. Theory of compact operators -- 10. The Krein-Milman theorem and its applications. | |
| 510 | 4 | |a MR, |c 36 #4308 | |
| 020 | |a 0030505356 | ||
| 100 | 1 | |a Edwards, R. E. |q (Robert E.), |d 1926- | |
| 084 | |a 46-01 (28-01) |2 msc2000 | ||
| 010 | |a 65013244 | ||
| 859 | |h 46 |i Ed26 |p A-3363 |b BIB. MATEMATICA | ||
